10 państw najbliżej Liechtensteinu - Statystyki

Ogólne statystyki
  • Ten quiz został rozwiązany 78 razy
    50 od ostatniego zresetowania
  • Średni wynik to 9 z 10
Statystyki odpowiedzi
km Państwo % Poprawnych
185 Francja
100%
32 Niemcy
100%
77 Włochy
100%
0 Austria
98%
0 Szwajcaria
98%
300 Słowenia
96%
345 Czechy
93%
346 Chorwacja
85%
412 San Marino
85%
402 Monako
80%
Nie znaleziono quizów pasujących do podanych kryteriów
Rozkład punktacji
Procent ludzi z każdym wynikiem
Percentyl według liczby udzielonych odpowiedzi
Twoja historia wyników
Nie rozwiązałeś tego quizu od ostatniego zresetowania